Bristol - Choix Multiples - Statistiques

Statistiques générales
  • Ce quiz a été pris 47 fois
  • Le résultat moyen est 5 sur 10
Statistiques - réponses
Question Réponse % Correct
Lequel de ces ponts est un monument marquant de Bristol ?
77%
Quel artiste mondialement reconnu (mais pas connu) a grandi à Bristol dans les sphères d'influence de ces groupes ? Banksy
72%
Quel groupe de musique français a rendu hommage à un(e) poète de Bristol en choisissant son nom ? Feu Chatterton
67%
Quel pilote de Formule 1 né à Bristol a fêté son premier titre de champion en 2025 ? Lando Norris
58%
Lequel de ces logos "animalier" est porté par une équipe de football de Bristol ?
47%
Pourquoi la statue d'Edward Colston a été mondialement médiatisée en 2020 ? Des manifestants l'ont déboulonné et jeté à l'eau
44%
Quel peuple a fondé "Brycgstow" autour du Xe siècle ? Anglo-Saxons
37%
Quel navigateur a quitté Bristol pour rejoindre Terre-Neuve en 1497 ? Jean Cabot
26%
Quel genre musical a émergé à Bristol avec des groupes comme Massive Attack ou Portishead ? Trip Hop
21%
Sur quelle mer donne le "Canal de Bristol" ? Mer Celtique
19%
Aucun quiz correspondant
Distribution des résultats
% des personnes avec chaque résultat
Percentile par nombre de réponses
Votre historique - résultats
Vous n’avez pas pris ce quiz